Hạt cơ bản và vũ trụ : Tiến tới thống nhất các lý thuyết vật lý
Sách gồm 9 chương, trình bày các vấn đề cơ bản vềHạt cơ bản và vũ trụ
Enregistré dans:
| Auteur principal: | |
|---|---|
| Format: | Livre |
| Langue: | Undetermined |
| Publié: |
Thành phố Hồ Chí Minh
Đại học Quốc gia Thành phố Hồ Chí Minh
2001
|
| Sujets: | |
| Tags: |
Ajouter un tag
Pas de tags, Soyez le premier à ajouter un tag!
|
| Thư viện lưu trữ: | Trung tâm Học liệu Trường Đại học Cần Thơ |
|---|
| LEADER | 00755nam a2200193Ia 4500 | ||
|---|---|---|---|
| 001 | CTU_47481 | ||
| 008 | 210402s9999 xx 000 0 und d | ||
| 082 | |a 530 | ||
| 082 | |b Gi108 | ||
| 100 | |a Nguyễn, Ngọc Giao | ||
| 245 | 0 | |a Hạt cơ bản và vũ trụ : | |
| 245 | 0 | |b Tiến tới thống nhất các lý thuyết vật lý | |
| 245 | 0 | |c Nguyễn Ngọc Giao | |
| 260 | |a Thành phố Hồ Chí Minh | ||
| 260 | |b Đại học Quốc gia Thành phố Hồ Chí Minh | ||
| 260 | |c 2001 | ||
| 520 | |a Sách gồm 9 chương, trình bày các vấn đề cơ bản vềHạt cơ bản và vũ trụ | ||
| 650 | |a Cosmology,Physics | ||
| 980 | |a Trung tâm Học liệu Trường Đại học Cần Thơ | ||